000 00612nam a2200229Ia 4500
003 OSt
005 20220918175817.0
006 a|||||r|||| 00| 0
007 ta
008 220917b |||||||| |||| 00| 0 eng d
024 _a19,051
037 _cTextual
040 _aARTS
_cARTS
_beng
041 _2eng
_aeng
082 _aO:2N08:11, J8
100 _aArdrey Robert
_954938
245 0 _aShadow of heroes
_b A play in five acts from the Hungarian passion
260 _c1958
650 _aENGLISH LITERATURE
942 _hO:2N08:11, J8
_cTEXL
_2CC
999 _c159081
_d159081